Clausuras : (Record no. 193127)

MARC details
000 -LEADER
campo de control de longitud fija 02579nam a2200433 i 4500
001 - NÚMERO DE CONTROL
campo de control 193127
003 - IDENTIFICADOR DE NÚMERO DE CONTROL
campo de control SpMaBN
005 - FECHA Y HORA DE LA ÚLTIMA TRANSACCIÓN
campo de control 20250809180110.0
007 - CAMPO FIJO DE DESCRIPCIÓN FÍSICA--INFORMACIÓN GENERAL
campo de control de longitud fija ta
008 - DATOS DE LONGITUD FIJA--INFORMACIÓN GENERAL
campo de control de longitud fija 230822s2007 sp | o||| ||spa
016 7# - NÚMERO DE CONTROL DE UNA AGENCIA BIBLIOGRÁFICA NACIONAL
Número de control del registro bimoBNE20070407416
Fuente SpMaBN
017 ## - NÚMERO DE COPYRIGHT O DE DEPÓSITO LEGAL
Número de copyright o de depósito legal M 1464-2007
Agencia que asigna Oficina Depósito Legal Madrid
020 ## - NÚMERO INTERNACIONAL ESTÁNDAR DEL LIBRO
Número Internacional Estándar del Libro 9788445129579
035 ## - NÚMERO DE CONTROL DEL SISTEMA
Número de control de sistema (OCoLC)434096411
035 ## - NÚMERO DE CONTROL DEL SISTEMA
Número de control de sistema bimo0002394507
040 ## - FUENTE DE CATALOGACIÓN
Centro catalogador/agencia de origen SpMaBN
Lengua de catalogación spa
Centro/agencia transcriptor SpMaBN
Normas de descripción rdc
Centro/agencia modificador ES-MaACL
080 ## - NÚMERO DE LA CLASIFICACIÓN DECIMAL UNIVERSAL
Número de la Clasificación Decimal Universal 7.046.3(460.27)(083.824)
080 ## - NÚMERO DE LA CLASIFICACIÓN DECIMAL UNIVERSAL
Número de la Clasificación Decimal Universal 7.034/.035(460.27)(083.824)
245 00 - MENCIÓN DEL TÍTULO
Título Clausuras :
Resto del título tesoros artísticos en los conventos y monasterios madrileños : Real Academia de Bellas Artes de San Fernando, de enero a marzo de 2007 /
Mención de responsabilidad, etc. [artículos, Áurea de la Morena Bartolomé ... et al.]
260 ## - PUBLICACIÓN, DISTRIBUCIÓN, ETC.
Lugar de publicación, distribución, etc. [Madrid] :
Nombre del editor, distribuidor, etc. Comunidad de Madrid, Dirección General de Patrimonio Histórico,
Fecha de publicación, distribución, etc. [2007]
300 ## - DESCRIPCIÓN FÍSICA
Extensión 269 páginas :
Otras características físicas ilustraciones (color) ;
Dimensiones 28 cm
Material acompañante/anejo
336 ## - TIPO DE CONTENIDO
Fuente rdacontent
Término de tipo de contenido Texto
337 ## - TIPO DE MEDIO
Fuente rdamedia
Nombre/término del tipo de medio sin mediación
338 ## - TIPO DE SOPORTE
Fuente rdacarrier
Nombre/término del tipo de soporte volumen
504 ## - NOTA DE BIBLIOGRAFÍA, ETC.
Nota de bibliografía, etc. Referencias bibliográficas
520 ## - RESUMEN, ETC.
Sumario, etc. Catálogo de la exposición "Clausuras. Tesoros artísticos en los conventos y monasterios madrileños", celebrada en la sala de exposiciones de la Real Academia de Bellas Artes de San Fernando en enero de 2007. La muestra recoge 57 objetos y obras de arte de 16 monasterios y conventos de la Comunidad de Madrid. Se trata de retablos, pinturas y tallas de madera policromadas, pertenecientes a artistas como Peter Paulus Rubens, Luca Giordano, Pedro de Mena o Luis Tristán; relicarios, expositores, objetos de culto y otros objetos de carácter religioso conforman esta exposición, una importante muestra del patrimonio histórico que albergan diferentes congregaciones religiosas de Madrid
530 ## - NOTA DISPONIBLE DE FORMULARIO FÍSICO ADICIONAL
Nota de formato físico adicional disponible Disponible en formato digital
650 #7 - PUNTO DE ACCESO ADICIONAL DE MATERIA--TÉRMINO DE MATERIA
Término de materia o nombre geográfico como elemento de entrada Arte religioso-
Subdivisión geográfica Madrid (Comunidad Autónoma)-
Subdivisión de forma Exposiciones
Fuente del encabezamiento o término embne
9 (RLIN) 234001
655 #7 - TERMINO DE INDIZACIÓN--GENERO/FORMA
Datos o término principal de género/forma Catálogos de exposiciones
9 (RLIN) 193628
700 1# - ENTRADA AGREGADA--NOMBRE PERSONAL
Nombre de persona Morena, Áurea de la,
Fechas asociadas al nombre 1936-
Término indicativo de función/relación Autor
9 (RLIN) 234002
710 2# - ENTRADA AGREGADA--NOMBRE DE ENTIDAD CORPORATIVA
Nombre de entidad corporativa o nombre de jurisdicción como elemento de entrada Real Academia de Bellas Artes de San Fernando
Término indicativo de función/relación Sede
9 (RLIN) 6291
710 1# - ENTRADA AGREGADA--NOMBRE DE ENTIDAD CORPORATIVA
Nombre de entidad corporativa o nombre de jurisdicción como elemento de entrada Madrid (Comunidad Autónoma).
Unidad subordinada Dirección General de Patrimonio Histórico
Término indicativo de función/relación Editor
9 (RLIN) 161737
852 4# - LOCALIZACIÓN
Ubicación ES-MaACL
Sublocalización o colección R.152777
Ubicación en estantería Depósito J
Donativo/Legado Donación Comunidad de Madrid
Número de control de estantería N-8611
itemnumber 200442
856 4# - LOCALIZACIÓN Y ACCESO ELECTRÓNICOS
Identificador Uniforme de Recursos <a href="https://www.madrid.org/bvirtual/BVCM002463.pdf">https://www.madrid.org/bvirtual/BVCM002463.pdf</a>
Texto de enlace Versión en línea
Nota pública (PublicaMadrid)
942 ## - ELEMENTOS DE ENTRADA SECUNDARIOS (KOHA)
Suprimir en OPAC No
Tipo de ítem Koha Libro impreso
Holdings
Estatus retirado Estado de pérdida Fuente del sistema de clasificación o colocación Estado de daño No para préstamo Colección Biblioteca de origen Biblioteca actual Ubicación en estantería Fecha de adquisición Fuente de adquisición Total de préstamos Signatura topográfica completa Código de barras Visto por última vez Tipo de ítem Koha
    Clasificación decimal universal     Colección digital Biblioteca del Ateneo de Madrid Biblioteca del Ateneo de Madrid Depósito J 22/08/2023 Donación   N-8611 101205735 22/08/2023 Libro impreso